[Event "Rheinland Pfalz op 14th"]
[Site "Neuwied"]
[Date "2024.05.30"]
[Round "2"]
[White "Schwab, Thomas"]
[Black "Saravanja, Ante A"]
[Result "1-0"]
[WhiteElo "1944"]
[BlackElo "1603"]
[PlyCount "129"]
[EventDate "2024.05.30"]
[EventType "swiss"]
[EventRounds "7"]
[EventCountry "GER"]
[SourceTitle "EXT 2025"]
[Source "ChessBase"]
[SourceDate "2024.10.14"]
[SourceVersion "1"]
[SourceVersionDate "2024.10.14"]
[SourceQuality "1"]

1. e4 d5 2. exd5 Qxd5 3. Nf3 Bf5 4. Nc3 Qd8 5. d4 c6 6. Bd3 Bxd3 7. Qxd3 e6 8. 0-0 Nf6 9. Bf4 Bd6 10. Bg3 Bxg3 11. fxg3 0-0 12. Rad1 Nbd7 13. a3 Nd5 14. Ne4 N7f6 15. Neg5 h6 16. Nh3 Ng4 17. Rde1 Qb6 18. c4 Ne7 19. Nf4 Nf5 20. c5 Qb5 21. Qc3 Nf6 22. Rf2 Nd5 23. Nxd5 cxd5 24. Ne5 Rac8 25. Ref1 f6 26. Ng6 Rfe8 27. g4 Ne7 28. Nf4 Nc6 29. b4 Qc4 30. Qxc4 dxc4 31. d5 exd5 32. Nxd5 Re4 33. Rf4 Rce8 34. h3 Kf7 35. Nc3 Rxf4 36. Rxf4 Ne5 37. Nb5 Ra8 38. Nd6+ Ke6 39. Nxc4 Nxc4 40. Rxc4 Rd8 41. Rc3 a6 42. Kf2 Rd2+ 43. Kf3 Kd5 44. g3 g5 45. h4 Kd4 46. c6 bxc6 47. Rxc6 Rd3+ 48. Kf2 Rxa3 49. Rxf6 gxh4 50. gxh4 Kc4 51. Rf4+ Kd5 52. Rf3 Ra2+ 53. Kg3 Rb2 54. Ra3 Ke4 55. Rxa6 Rxb4 56. Re6+ Kd5 57. Rxh6 Ke5 58. g5 Rc4 59. Rf6 Rd4 60. h5 Rd3+ 61. Kg4 Rd4+ 62. Kg3 Rd3+ 63. Rf3 Rd1 64. h6 Ra1 65. Kg4 1-0